[Event "Obert Barbera 2007 Grup B"]
[Site "?"]
[Date "2007.07.06"]
[Round "1"]
[White "Alquezar Mancho, Renato"]
[Black "Vigo Allepuz, David"]
[Result "0-1"]
[WhiteElo "1891"]
[BlackElo "2141"]
[PlyCount "110"]
[SourceDate "2007.07.07"]

1. d4 e6 2. c4 d5 3. Nc3 Nf6 4. Bg5 Nbd7 5. e3 c6 6. Nf3 Bb4 7. Nd2 O-O 8. a3
Bxc3 9. bxc3 Qa5 10. Qc2 dxc4 11. Bxf6 Nxf6 12. Nxc4 Qc7 13. Bd3 h6 14. h3 Nd7
15. O-O a6 16. f4 b5 17. Ne5 Nxe5 18. fxe5 c5 19. Be4 Bb7 20. Bxb7 Qxb7 21. Qf2
Qe4 22. Rac1 Rac8 23. Qf3 Qxf3 24. gxf3 Rc7 25. Rf2 cxd4 26. exd4 Rd8 27. Rfc2
Rc4 28. Kf2 f6 29. f4 Kf7 30. Ke3 f5 31. Kd3 g5 32. Rf1 gxf4 33. Rxf4 Rg8 34.
Rf3 Rg1 35. Ra2 Rd1+ 36. Ke2 Rg1 37. Kd3 h5 38. Rb2 Kg6 39. Rb4 Rd1+ 40. Ke2
Ra1 41. Kd3 Rxb4 42. axb4 h4 43. Ke3 Kg5 44. Kd3 f4 45. Ke4 Re1+ 46. Kd3 Kf5
47. Kd2 Rg1 48. Kd3 Rg2 49. Rf1 Rg3+ 50. Kd2 Rxh3 51. Ra1 Rh2+ 52. Kd3 h3 53.
Rxa6 Rh1 54. Ra8 h2 55. Rh8 Rd1+ 0-1

[Event "Obert Barbera 2007 Grup B"]
[Site "?"]
[Date "2007.07.06"]
[Round "1"]
[White "Echarri Torres, Miguel"]
[Black "Salazar Navas, Jose"]
[Result "1-0"]
[WhiteElo "2113"]
[BlackElo "1867"]
[PlyCount "59"]
[SourceDate "2007.07.07"]

1. d4 Nf6 2. c4 c5 3. Nf3 cxd4 4. Nxd4 e5 5. Nb5 d5 6. cxd5 Bc5 7. e3 O-O 8.
N5c3 e4 9. Be2 Qe7 10. Nd2 Rd8 11. a3 Bf5 12. b4 Bd6 13. Bb2 Nbd7 14. Nc4 Ne5
15. Nxe5 Bxe5 16. Qb3 Ng4 17. h3 Qh4 18. hxg4 Qxh1+ 19. Kd2 Qxg2 20. gxf5 Rac8
21. Rf1 Qh3 22. f3 Qxf5 23. fxe4 Bxc3+ 24. Bxc3 Qxe4 25. Bf3 Qh4 26. Bd4 Qh2+
27. Kd1 b6 28. Qd3 Qg3 29. Qf5 Rc7 30. Be5 1-0

[Event "Obert Barbera 2007 Grup B"]
[Site "?"]
[Date "2007.07.06"]
[Round "1"]
[White "Padros Martinez, Albert"]
[Black "Capellades Subirana, Marc"]
[Result "0-1"]
[WhiteElo "1856"]
[BlackElo "2112"]
[PlyCount "90"]
[SourceDate "2007.07.07"]

1. d4 Nf6 2. e3 e6 3. Bd3 b6 4. Qe2 d5 5. Nd2 c5 6. c3 Nbd7 7. f4 Bb7 8. Qf3
Qc7 9. Nh3 h6 10. O-O g5 11. fxg5 hxg5 12. Bb5 Be7 13. Bxd7+ Kxd7 14. Qg3 Qxg3
15. hxg3 Ba6 16. Rf2 Ng4 17. Rxf7 Ke8 18. Rg7 Kf8 19. Rg6 Kf7 20. Rxg5 Bxg5 21.
Nxg5+ Ke7 22. Ndf3 Rh5 23. e4 Rah8 24. Nh4 Rg8 25. exd5 exd5 26. Nh3 Nf6 27.
Nf4 Rhg5 28. dxc5 bxc5 29. Nh3 Rh5 30. Bf4 Ne4 31. Re1 Kd7 32. Re3 Kc6 33. Nf3
Bc8 34. Nf2 Nf6 35. Re7 Rh7 36. Ne5+ Kb6 37. Rxh7 Nxh7 38. Nfd3 d4 39. c4 Nf6
40. Kf2 Ne4+ 41. Kf3 Bb7 42. Nd7+ Ka6 43. Ke2 Re8 44. Kd1 Bc6 45. Kc2 Bxd7 0-1

[Event "Obert Barbera 2007 Grup B"]
[Site "?"]
[Date "2007.07.06"]
[Round "1"]
[White "Canellas Magide, Lluis"]
[Black "Gonzalez Muelas, Marco Antonio"]
[Result "1-0"]
[WhiteElo "2111"]
[BlackElo "1846"]
[PlyCount "51"]
[SourceDate "2007.07.07"]

1. Nc3 e5 2. Nf3 Nc6 3. d4 d6 4. dxe5 dxe5 5. Qxd8+ Kxd8 6. Bg5+ f6 7. O-O-O+
Ke8 8. Nb5 Bd6 9. Bh4 e4 10. Nd2 Bf5 11. Nc4 Kd7 12. Nbxd6 cxd6 13. Nxd6 Ke6
14. e3 Bg4 15. Bc4+ Ke7 16. Rd2 Ne5 17. Bb3 Rd8 18. Nxe4 Rxd2 19. Nxd2 Nh6 20.
f3 Bd7 21. e4 g5 22. Bf2 b6 23. h4 Rc8 24. hxg5 Nd3+ 25. Kb1 Nxf2 26. Rxh6 1-0

[Event "Obert Barbera 2007 Grup B"]
[Site "?"]
[Date "2007.07.06"]
[Round "1"]
[White "Alquezar Calpena, Marc"]
[Black "Ferrer Roche, Marc"]
[Result "0-1"]
[WhiteElo "1845"]
[BlackElo "2095"]
[PlyCount "116"]
[SourceDate "2007.07.07"]

1. e4 d5 2. exd5 Nf6 3. d4 Nxd5 4. Nf3 g6 5. h3 Bg7 6. Bc4 O-O 7. O-O Nc6 8. c3
Nb6 9. Bb3 e5 10. dxe5 Nxe5 11. Nxe5 Bxe5 12. Qxd8 Rxd8 13. Nd2 Bf5 14. Nf3 Bg7
15. Bf4 c5 16. Bc7 Rd7 17. Bxb6 axb6 18. Rad1 b5 19. Rxd7 Bxd7 20. Bd5 b4 21.
cxb4 cxb4 22. Ng5 Bxb2 23. Bxf7+ Kg7 24. Bd5 Bc6 25. Bc4 h6 26. Ne6+ Kf6 27.
Nf4 Rd8 28. Bb3 g5 29. Ne2 Bb5 30. Rd1 Rxd1+ 31. Bxd1 Bc4 32. Ng3 Bxa2 33. Ne4+
Ke5 34. Nc5 Bd4 35. Nd3+ Kd6 36. Nxb4 Bc4 37. Nc2 Bc5 38. Ne3 Bxe3 39. fxe3 Kc5
40. Kf2 Kb4 41. e4 Kc3 42. Ke3 b5 43. e5 b4 44. Ke4 b3 45. Bxb3 Bxb3 46. Kf5
Kd4 47. e6 Ba4 48. Kg6 Ke5 49. Kf7 Bb3 50. Kg6 Bxe6 51. Kxh6 Kf6 52. Kh5 Kf5
53. Kh6 Bf7 54. Kg7 Bd5 55. g3 Bg2 56. h4 g4 57. h5 Be4 58. h6 Ke5 0-1

[Event "Obert Barbera 2007 Grup B"]
[Site "?"]
[Date "2007.07.06"]
[Round "1"]
[White "Ruiz Manchon, Francesc Xavier"]
[Black "Corrales Adamuz, Cristian"]
[Result "1-0"]
[WhiteElo "2093"]
[BlackElo "1840"]
[PlyCount "105"]
[SourceDate "2007.07.07"]

1. e4 e5 2. Nf3 Nc6 3. Bc4 Be7 4. c3 Nf6 5. d3 d6 6. Bb3 h6 7. O-O g5 8. Be3
Bg4 9. Nbd2 Bh5 10. Qc2 Qd7 11. Bc4 a6 12. d4 exd4 13. Nxd4 Ne5 14. Nf5 Bf8 15.
Bd4 O-O-O 16. Bb3 Be2 17. Rfe1 Bd3 18. Qd1 Nxe4 19. Nxe4 Bxe4 20. Nxd6+ Bxd6
21. Rxe4 Rhe8 22. Qe2 f6 23. c4 c5 24. Bc3 Qf5 25. Bc2 Qe6 26. Re1 Qf7 27. b3
Re7 28. Re3 Rde8 29. Bf5+ Nd7 30. Qd3 Rxe3 31. Rxe3 Rxe3 32. Qxe3 Qe7 33. Qxe7
Bxe7 34. Kf1 Kc7 35. Ke2 Ne5 36. Ke3 Kc6 37. h3 b5 38. Be4+ Kb6 39. Bd5 Ng6 40.
g3 Ne5 41. Ke4 Bd6 42. f4 gxf4 43. gxf4 Ng6 44. Bd2 Ne7 45. f5 h5 46. Bf7 h4
47. Bc3 Be5 48. Bxe5 fxe5 49. Kxe5 Nc6+ 50. Kd6 Nd4 51. f6 bxc4 52. Bxc4 Nf5+
53. Ke5 1-0

[Event "Obert Barbera 2007 Grup B"]
[Site "?"]
[Date "2007.07.06"]
[Round "1"]
[White "Oliver Monfort, Sergio"]
[Black "Basas Gamazo, Josep"]
[Result "0-1"]
[WhiteElo "1825"]
[BlackElo "2089"]
[PlyCount "96"]
[SourceDate "2007.07.07"]

1. Nf3 Nf6 2. d4 g6 3. c4 Bg7 4. Nc3 O-O 5. e4 d6 6. Be3 e5 7. d5 Nbd7 8. b4 a5
9. a3 Ng4 10. Bd2 axb4 11. axb4 Rxa1 12. Qxa1 f5 13. h3 Nh6 14. Qc1 Nf7 15. Ng5
Nxg5 16. Bxg5 Nf6 17. Be2 Qe8 18. Bf3 Qf7 19. Qd2 fxe4 20. Nxe4 Nxe4 21. Bxe4
Bf5 22. Bxf5 gxf5 23. O-O f4 24. Qd1 Qg6 25. Bh4 f3 26. g3 e4 27. Qd2 Bh6 28.
Qd4 Bf4 29. Kh2 Be5 30. Qe3 h6 31. Rg1 Kh7 32. Kh1 b6 33. g4 Bf4 34. Qd4 e3 35.
fxe3 f2 36. Bxf2 Be5 37. Qd2 Qe4+ 38. Rg2 Rf3 39. Kg1 Rxh3 40. Qc1 Rf3 41. Kf1
Rf8 42. g5 Ra8 43. Qd2 Qxc4+ 44. Qe2 Qxd5 45. Qc2+ Kh8 46. gxh6 Ra1+ 47. Be1
Qf3+ 48. Qf2 Rxe1+ 0-1

[Event "Obert Barbera 2007 Grup B"]
[Site "?"]
[Date "2007.07.06"]
[Round "1"]
[White "Vuiton, Stephane"]
[Black "Barroso Quinones, Antonio"]
[Result "0-1"]
[WhiteElo "2069"]
[BlackElo "1824"]
[PlyCount "80"]
[SourceDate "2007.07.07"]

1. e4 e5 2. f4 exf4 3. Nf3 g5 4. Bc4 g4 5. O-O gxf3 6. Qxf3 Qf6 7. d3 Nc6 8.
Bxf4 Nd4 9. Qh5 Ne6 10. Be5 Bc5+ 11. d4 Bxd4+ 12. Kh1 Qxe5 13. Qxf7+ Kd8 14.
Nc3 Nh6 15. Qf3 Bxc3 16. bxc3 Rf8 17. Qh3 Rxf1+ 18. Rxf1 Qg7 19. Rd1 Ng4 20.
Qg3 d6 21. Bxe6 Bxe6 22. h3 Qh6 23. e5 d5 24. c4 c6 25. cxd5 cxd5 26. c4 Ne3
27. Rxd5+ Nxd5 28. cxd5 Bxd5 29. Qa3 Kd7 30. Qa4+ Ke6 31. Qa3 Bxg2+ 32. Kg1
Qxh3 33. Qd6+ Kf5 34. Qd7+ Kf4 35. Qf7+ Qf5 36. Qc4+ Be4 37. Qc1+ Kxe5 38. Qc7+
Kf6 39. Qd6+ Kg5 40. Qe7+ Kh5 0-1

[Event "Obert Barbera 2007 Grup B"]
[Site "?"]
[Date "2007.07.06"]
[Round "1"]
[White "Walter Travella, German"]
[Black "Martinez Ramirez, Erik"]
[Result "1-0"]
[WhiteElo "2055"]
[BlackElo "1792"]
[PlyCount "65"]
[SourceDate "2007.07.07"]

1. c4 e6 2. Nc3 d5 3. d4 Nf6 4. Bg5 Bb4 5. a3 Bxc3+ 6. bxc3 c5 7. dxc5 Qa5 8.
Bxf6 gxf6 9. Qb3 dxc4 10. Qb4 Qc7 11. Nf3 Na6 12. Qxc4 Qxc5 13. e4 Rg8 14. Rd1
Qxc4 15. Bxc4 Nc5 16. e5 fxe5 17. Nxe5 Rxg2 18. Rd4 a6 19. a4 b6 20. h4 Bb7 21.
Rf1 Rd8 22. Rf4 Nxa4 23. Nxf7 Nxc3 24. Nxd8 Kxd8 25. Bxe6 Rg6 26. Rd4+ Ke8 27.
Bf5 Rg7 28. Kd2 Nd5 29. Re1+ Kd8 30. Be6 Kc7 31. Bxd5 Rd7 32. Re5 Kd6 33. Bxb7+
1-0

[Event "Obert Barbera 2007 Grup B"]
[Site "?"]
[Date "2007.07.06"]
[Round "1"]
[White "Ylla Soro, Rafael"]
[Black "Mas Recorda, Pere"]
[Result "0-1"]
[WhiteElo "1791"]
[BlackElo "2050"]
[Annotator ",usuario"]
[PlyCount "68"]
[SourceDate "2007.07.07"]

1. e4 e6 2. d4 d5 3. e5 c5 4. c3 Nc6 5. Be3 Qb6 6. Qd2 Bd7 7. f4 Nh6 8. Nf3 Nf5
9. Bf2 Rc8 10. g4 Nh6 11. h3 Be7 12. Be2 Ng8 13. O-O cxd4 14. cxd4 Bb4 15. Nc3
Nge7 16. Rac1 O-O 17. a3 Bxc3 18. Rxc3 Ng6 19. Be3 f6 20. Rfc1 Qd8 21. Bd3 Nge7
22. Kg2 Qe8 23. Qe1 f5 24. Nh4 fxg4 25. hxg4 Qf7 26. Qg3 Na5 27. b4 Rxc3 28.
Rxc3 Nc4 29. Bxc4 dxc4 30. Rxc4 Bc6+ 31. Kh3 Nd5 32. f5 Nxe3 33. Qxe3 exf5 34.
gxf5 Qxc4 0-1

[Event "Obert Barbera 2007 Grup B"]
[Site "?"]
[Date "2007.07.06"]
[Round "1"]
[White "Torres Martinez, Jordi"]
[Black "Exposito Cabrera, Joaquin"]
[Result "0-1"]
[WhiteElo "1779"]
[BlackElo "2040"]
[PlyCount "80"]
[SourceDate "2007.07.07"]

1. e4 c5 2. Nf3 d6 3. d4 cxd4 4. Nxd4 Nf6 5. Nc3 a6 6. Be3 e6 7. g4 h6 8. f3 b5
9. Qd2 Bb7 10. g5 hxg5 11. Bxg5 Nbd7 12. O-O-O Rc8 13. h4 b4 14. Na4 d5 15.
exd5 Bxd5 16. Bxa6 Rb8 17. b3 Qa5 18. Qe2 Be7 19. Bb5 Rxb5 20. Nxb5 Bc6 21.
Bxf6 Bxb5 22. Qh2 Bxf6 23. Rxd7 Bxd7 24. Qb8+ Bd8 25. Rd1 Bxa4 26. bxa4 O-O 27.
Qb5 Qxb5 28. axb5 Bxh4 29. b6 Rb8 30. Rd4 Be1 31. Rd6 Bf2 32. Kb2 Rxb6 33. Rxb6
Bxb6 34. Kb3 Bc5 35. c4 bxc3 36. Kxc3 g5 37. a4 f5 38. Kc4 Bg1 39. a5 Kf7 40.
a6 Kf6 0-1

[Event "Obert Barbera 2007 Grup B"]
[Site "?"]
[Date "2007.07.06"]
[Round "1"]
[White "Aguilera Bonaque, Juan Carlos"]
[Black "Meyer, Kuno"]
[Result "1-0"]
[WhiteElo "2035"]
[BlackElo "1759"]
[PlyCount "117"]
[SourceDate "2007.07.07"]

1. e4 e5 2. Nf3 d6 3. d4 exd4 4. Nxd4 Nf6 5. Bd3 d5 6. e5 Ng4 7. e6 Ne5 8.
exf7+ Nxf7 9. O-O Be7 10. Nf5 O-O 11. Nxe7+ Qxe7 12. Qh5 h6 13. Qxd5 Nc6 14. a3
Qf6 15. Nc3 Be6 16. Qe4 Nd6 17. Qh7+ Kf7 18. Ne4 Nxe4 19. Qxe4 Kg8 20. c3 Rad8
21. Be3 Ne5 22. Bd4 Bf5 23. Qxf5 Qxf5 24. Bxf5 Rxf5 25. Rae1 Nc6 26. Be3 Ne5
27. f3 Nc4 28. Rf2 Re8 29. Rfe2 Rfe5 30. Kf2 R5e6 31. a4 Ne5 32. Rd1 Nc4 33.
Rd3 b6 34. f4 Nd6 35. Kf3 Kf7 36. Rd1 Nc4 37. Rde1 g6 38. b3 Na5 39. b4 Nc4 40.
Bc1 Rxe2 41. Rxe2 Rd8 42. Ke4 Nd6+ 43. Kd3 Nf5+ 44. Kc2 Nd6 45. Kb3 Nf5 46. Rd2
Re8 47. Rd7+ Re7 48. Rxe7+ Kxe7 49. Kc4 Kd6 50. g4 Ne7 51. Kd3 Ke6 52. h4 h5
53. f5+ gxf5 54. gxh5 Nd5 55. h6 Nf6 56. Bf4 c6 57. Be5 Kf7 58. Bxf6 Kxf6 59.
h5 1-0

[Event "Obert Barbera 2007 Grup B"]
[Site "?"]
[Date "2007.07.06"]
[Round "1"]
[White "Garcia Riera, Josep"]
[Black "Urbano Cabrera, Moises"]
[Result "0-1"]
[WhiteElo "2033"]
[BlackElo "1716"]
[PlyCount "58"]
[SourceDate "2007.07.07"]

1. d4 d5 2. c4 c6 3. Nf3 Nf6 4. e3 e6 5. Nc3 a6 6. Bd3 Bd6 7. O-O O-O 8. e4
dxe4 9. Nxe4 Nxe4 10. Bxe4 Nd7 11. Bxh7+ Kxh7 12. Ng5+ Kg8 13. f4 Nf6 14. b3 c5
15. Bb2 Qe7 16. d5 exd5 17. Re1 Qd8 18. cxd5 Bxf4 19. Ne4 Nxe4 20. Rxe4 Qg5 21.
Qf3 Bd6 22. Rf1 f6 23. Bc1 Qg6 24. Bf4 Bxf4 25. Rxf4 Bd7 26. Qe3 Rfe8 27. Qxc5
Re2 28. R4f2 Rxf2 29. Qxf2 Rc8 0-1

[Event "Obert Barbera 2007 Grup B"]
[Site "?"]
[Date "2007.07.06"]
[Round "1"]
[White "Gomez Guinovart, Josep Manel"]
[Black "Amor Alcaide, Manuel"]
[Result "1-0"]
[WhiteElo "1676"]
[BlackElo "2029"]
[PlyCount "85"]
[SourceDate "2007.07.07"]

1. d4 d5 2. c4 dxc4 3. e3 Nf6 4. Bxc4 e6 5. Nf3 b6 6. O-O Bb7 7. Nc3 Be7 8. Qe2
O-O 9. Bd2 Nc6 10. Rfc1 a6 11. a3 Qd6 12. Rc2 Na5 13. Ba2 Nc6 14. Rac1 Rac8 15.
Bb3 b5 16. Na2 Rfd8 17. Nb4 Na5 18. Ba2 Qb6 19. Nd3 Be4 20. Rc3 Nd5 21. R3c2 b4
22. Bxd5 exd5 23. Bxb4 Bxb4 24. axb4 Nc4 25. b3 Nd6 26. Nfe5 f6 27. Nc6 Re8 28.
Rc5 Nb5 29. Nb2 Qb7 30. Na4 Re6 31. Qg4 f5 32. Qh4 Rce8 33. Nd8 Qc8 34. Nxe6
Rxe6 35. Rc6 Re8 36. Nc5 f4 37. Qxf4 Rf8 38. Qe5 Re8 39. Qg3 Bg6 40. Nxa6 Re7
41. Nxc7 Nxc7 42. Rxc7 Rxc7 43. Qxc7 1-0

[Event "Obert Barbera 2007 Grup B"]
[Site "?"]
[Date "2007.07.06"]
[Round "1"]
[White "Ben Porat, Zeev"]
[Black "Camacho Turrientes, Mariano"]
[Result "1-0"]
[WhiteElo "2029"]
[BlackElo "2185"]
[PlyCount "73"]
[SourceDate "2007.07.07"]

1. e4 e5 2. Nc3 Nf6 3. f4 d6 4. Nf3 Nc6 5. Bb5 Be7 6. fxe5 Ng4 7. exd6 cxd6 8.
O-O O-O 9. d4 Nf6 10. Be3 a6 11. Bc4 Bg4 12. Qd2 Rc8 13. a3 Na5 14. Bd3 Nc4 15.
Bxc4 Rxc4 16. Qd3 Rc8 17. Nh4 Be6 18. d5 Bd7 19. Nf5 Bxf5 20. Rxf5 Nd7 21. Bd4
Bf6 22. Bxf6 Nxf6 23. Raf1 Qb6+ 24. Kh1 Qxb2 25. R5f3 Qxa3 26. Rg3 Nh5 27. Rgf3
Nf4 28. Qd2 Ng6 29. Ne2 Qb2 30. Nd4 Rc4 31. Rd1 Qb6 32. c3 Re8 33. Rdf1 Rf8 34.
h4 Qd8 35. h5 Ne5 36. Rh3 Ra4 37. Qf4 1-0

[Event "Obert Barbera 2007 Grup B"]
[Site "?"]
[Date "2007.07.06"]
[Round "1"]
[White "Lopez Peralta, Xavier"]
[Black "Colom Andres, Xavier"]
[Result "1-0"]
[WhiteElo "1882"]
[BlackElo "2026"]
[PlyCount "63"]
[SourceDate "2007.07.07"]

1. d4 Nf6 2. Nf3 d5 3. Bf4 c5 4. c3 Nc6 5. e3 Qb6 6. Qc2 Bg4 7. Nbd2 e6 8. Bd3
Rc8 9. Rb1 Be7 10. Qd1 O-O 11. h3 Bh5 12. O-O Rfe8 13. Re1 Qd8 14. Rc1 Bd6 15.
Bg5 e5 16. dxe5 Nxe5 17. Bf5 Rc6 18. c4 Bc7 19. Qc2 h6 20. Bh4 Bxf3 21. Nxf3
Nxc4 22. Red1 b6 23. e4 g5 24. exd5 Rd6 25. Bg3 Rxd5 26. Bxc7 Qxc7 27. Rxd5
Nxd5 28. Qxc4 Nf4 29. Rd1 Ne2+ 30. Kf1 Nf4 31. Rd7 Qc6 32. Qxf7+ 1-0

[Event "Obert Barbera 2007 Grup B"]
[Site "?"]
[Date "2007.07.06"]
[Round "1"]
[White "Sanz Bastos, Fernando"]
[Black "Grao Amaya, Rafael"]
[Result "0-1"]
[WhiteElo "2025"]
[BlackElo "1793"]
[Annotator ",usuario"]
[PlyCount "118"]
[SourceDate "2007.07.07"]

1. e4 e5 2. Nf3 Nc6 3. Bb5 a6 4. Ba4 Nf6 5. O-O b5 6. Bb3 Be7 7. Re1 O-O 8. c3
d6 9. h3 Na5 10. Bc2 c5 11. d4 Qc7 12. Nbd2 Bd7 13. Nf1 Nc4 14. b3 Nb6 15. Bb2
c4 16. Ne3 Rfe8 17. bxc4 Nxc4 18. Nxc4 bxc4 19. d5 Reb8 20. Bc1 Rb7 21. a4 Rab8
22. Ba3 a5 23. Nxe5 Qc8 24. Nxd7 Nxd7 25. f4 f6 26. Qg4 Qf8 27. Rf1 Kh8 28.
Rad1 g6 29. e5 f5 30. Qe2 dxe5 31. Bxe7 Qxe7 32. Qxc4 e4 33. Rb1 Rb2 34. Qd4+
Qg7 35. Qxg7+ Kxg7 36. Rxb2 Rxb2 37. Bd1 Kf7 38. Rf2 Rb1 39. Rd2 Rc1 40. Kf2
Rxc3 41. Rb2 Ke7 42. Rb5 Rc5 43. Be2 Kd6 44. Rxc5 Kxc5 45. Bb5 Nf6 46. d6 Kxd6
47. g3 Kc5 48. Ke3 Nd5+ 49. Kd2 Kd4 50. Be8 e3+ 51. Ke2 Nc3+ 52. Ke1 Ne4 53. g4
fxg4 54. hxg4 Nf6 55. Bc6 Nxg4 56. Ke2 Nf2 57. Kf3 Kd3 58. Bb5+ Kd2 59. Bc4 Nd3
0-1

[Event "Obert Barbera 2007 Grup B"]
[Site "?"]
[Date "2007.07.06"]
[Round "1"]
[White "Rahal, Joe"]
[Black "Guix Torres, David"]
[Result "1-0"]
[WhiteElo "1729"]
[BlackElo "2033"]
[PlyCount "129"]
[SourceDate "2007.07.07"]

1. Nf3 d5 2. c4 e6 3. b3 Nf6 4. Bb2 c5 5. g3 Nc6 6. Bg2 Bd6 7. O-O O-O 8. cxd5
exd5 9. d4 Be6 10. Nc3 a6 11. dxc5 Bxc5 12. Na4 Ba7 13. Nd4 Rc8 14. Nxe6 fxe6
15. Ba3 Rf7 16. Bh3 Qe8 17. Nc5 Bxc5 18. Bxc5 Ne4 19. Ba3 Nc3 20. Qd2 Nd4 21.
Bg4 Ncb5 22. Rac1 Rfc7 23. Rxc7 Rxc7 24. Rc1 Rxc1+ 25. Bxc1 h5 26. Bh3 Qc6 27.
Bb2 Nf5 28. Bxf5 exf5 29. Qg5 g6 30. Qd8+ Kf7 31. Qh8 Qe6 32. e3 Nd6 33. Bd4
Ne4 34. Qg7+ Ke8 35. Qxb7 f4 36. Qb8+ Kd7 37. Qxf4 Nd2 38. Kg2 Qc6 39. Qf7+ Kc8
40. Qf8+ Kd7 41. Qc5 Qe6 42. Qa7+ Ke8 43. Qb8+ Kd7 44. Qe5 Qc6 45. Qg7+ Ke8 46.
Qf6 Qb5 47. Qxg6+ Kd7 48. Qf5+ Kc6 49. Qc8+ Kd6 50. Qc1 Qe2 51. Qc5+ Ke6 52.
Qc6+ Kf7 53. Qf6+ Ke8 54. Qg6+ Kd7 55. Qf5+ Ke8 56. Kh3 Nf3 57. Qxh5+ Kd7 58.
Qxd5+ Ke7 59. Bc5+ Kf6 60. Qd6+ Kf7 61. Qd7+ Kg6 62. Qe8+ Kg7 63. Bf8+ Kf6 64.
Qe7+ Kg6 65. Qe6+ 1-0

[Event "Obert Barbera 2007 Grup B"]
[Site "?"]
[Date "2007.07.07"]
[Round "2"]
[White "Vigo Allepuz, David"]
[Black "Molero Tejada, Santiago"]
[Result "1/2-1/2"]
[WhiteElo "2141"]
[BlackElo "2009"]
[PlyCount "98"]
[SourceDate "2007.07.07"]

1. d4 d5 2. Nf3 Nf6 3. Bg5 e6 4. Nbd2 Be7 5. e3 O-O 6. Bd3 b6 7. Ne5 Bb7 8. O-O
Nbd7 9. f4 c5 10. c3 Ne4 11. Bxe7 Qxe7 12. Rf3 f5 13. Rh3 Nxe5 14. dxe5 Nxd2
15. Qxd2 c4 16. Be2 Bc6 17. Kf2 Be8 18. g4 Bg6 19. Rg1 fxg4 20. Bxg4 Bf5 21.
Qd1 Bxg4 22. Qxg4 Rf5 23. Rhg3 g6 24. h4 Kh8 25. Rh1 Rh5 26. Qh3 Rf8 27. Ke2
Rff5 28. Rg4 b5 29. Qg2 b4 30. e4 dxe4 31. Qxe4 bxc3 32. bxc3 Qc5 33. Rb1 Rxe5
34. fxe5 Rxe5 35. Rb4 Qd5 36. Qxe5+ Qxe5+ 37. Kd2 Qh2+ 38. Kc1 Qxa2 39. Rgxc4
Kg7 40. Rc7+ Kf6 41. Rbb7 Qa1+ 42. Kc2 Qa4+ 43. Kb2 Qxh4 44. Rxh7 Qc4 45. Rhc7
Qe2+ 46. Kb3 a6 47. c4 Qd1+ 48. Kb4 Qd2+ 49. Kc5 a5 1/2-1/2

[Event "Obert Barbera 2007 Grup B"]
[Site "?"]
[Date "2007.07.07"]
[Round "2"]
[White "Melich Martinez, Josep"]
[Black "Echarri Torres, Miguel"]
[Result "0-1"]
[WhiteElo "1893"]
[BlackElo "2113"]
[PlyCount "88"]
[SourceDate "2007.07.07"]

1. d4 d5 2. c4 e6 3. Nf3 c5 4. cxd5 exd5 5. Nc3 Nc6 6. e3 Nf6 7. g3 Bg4 8. Bg2
c4 9. O-O Rc8 10. Qa4 a6 11. Ne5 Bf5 12. Bd2 Be7 13. Nxc6 Rxc6 14. Nxd5 Nxd5
15. Ba5 Qd7 16. e4 Be6 17. exd5 Bxd5 18. Bxd5 Qxd5 19. Rfe1 b5 20. Qa3 Re6 21.
Bb4 Bxb4 22. Qxb4 Kd7 23. Rxe6 fxe6 24. Qa5 Qd6 25. Re1 Rf8 26. Qd2 Rf5 27. Qe3
Rd5 28. Qe4 g6 29. Qh4 Qe7 30. Qe4 Qf6 31. Re3 Qf5 32. Qh4 g5 33. Qh6 Qg6 34.
Qxg6 hxg6 35. Re4 b4 36. Kf1 Ra5 37. a3 c3 38. bxc3 b3 39. Re2 Rxa3 40. Rb2 a5
41. Ke1 Ra1+ 42. Kd2 a4 43. c4 Rf1 44. Kc3 a3 0-1

[Event "Obert Barbera 2007 Grup B"]
[Site "?"]
[Date "2007.07.07"]
[Round "2"]
[White "Capellades Subirana, Marc"]
[Black "Serrano Campos, Joan Antoni"]
[Result "1-0"]
[WhiteElo "2112"]
[BlackElo "1989"]
[PlyCount "85"]
[SourceDate "2007.07.07"]

1. e4 d5 2. exd5 Qxd5 3. Nc3 Qd6 4. Bc4 Nf6 5. h3 a6 6. Nf3 b5 7. Bd3 Bb7 8.
Qe2 Qf4 9. Qe3 Qxe3+ 10. fxe3 Nbd7 11. Be2 b4 12. Nd1 Ne4 13. g4 Ng3 14. Rg1
Nxe2 15. Kxe2 g6 16. b3 Bg7 17. Bb2 Bxb2 18. Nxb2 c5 19. Nd3 e6 20. Nfe5 Nxe5
21. Nxe5 f5 22. a3 O-O 23. Nd7 Rf7 24. Nxc5 bxa3 25. Nxe6 Rc8 26. Nd4 f4 27.
Rxa3 fxe3 28. dxe3 Rcf8 29. Raa1 Rf2+ 30. Kd3 Rh2 31. Raf1 Re8 32. Rg3 Be4+ 33.
Kc3 Bxc2 34. Nxc2 Rc8+ 35. Kb4 Rhxc2 36. Rgf3 Rb8+ 37. Ka3 Rb5 38. b4 Rc4 39.
h4 Rxg4 40. Rf8+ Kg7 41. R1f7+ Kh6 42. Rh8 g5 43. Rhxh7+ 1-0

[Event "Obert Barbera 2007 Grup B"]
[Site "?"]
[Date "2007.07.07"]
[Round "2"]
[White "Gonzalez Garcia, Sergi"]
[Black "Canellas Magide, Lluis"]
[Result "0-1"]
[WhiteElo "1881"]
[BlackElo "2111"]
[PlyCount "92"]
[SourceDate "2007.07.07"]

1. e4 Nf6 2. e5 Nd5 3. d4 d6 4. Nf3 g6 5. c4 Nb6 6. Bd3 Bg7 7. O-O dxe5 8. dxe5
Nc6 9. Qe2 Bg4 10. Nbd2 Nxe5 11. Be4 c6 12. h3 Bxf3 13. Bxf3 Qc7 14. Rb1 O-O-O
15. b3 Nd3 16. Ne4 Ne5 17. Bb2 Nxf3+ 18. Qxf3 Bxb2 19. Rxb2 Qe5 20. Re2 Rhf8
21. Nc3 Qf6 22. Qxf6 exf6 23. Rfe1 f5 24. Nb1 Rd7 25. Nd2 Rfd8 26. Nf3 f6 27.
Re6 Rf7 28. Re7 Rd7 29. Rxf7 Rxf7 30. Kh2 Kd7 31. Kg3 Re7 32. Rxe7+ Kxe7 33.
Nd4 Nd7 34. f4 Nc5 35. Kf3 Kd6 36. Ke3 a6 37. b4 Ne4 38. g4 Nc3 39. gxf5 Nxa2
40. fxg6 hxg6 41. Nc2 c5 42. b5 axb5 43. cxb5 Nc3 44. Na3 Kd5 45. Kd3 Ne4 46.
h4 Nd6 0-1

[Event "Obert Barbera 2007 Grup B"]
[Site "?"]
[Date "2007.07.07"]
[Round "2"]
[White "Ferrer Roche, Marc"]
[Black "Valarezzo Ricard, Pedro"]
[Result "1/2-1/2"]
[WhiteElo "2095"]
[BlackElo "1976"]
[PlyCount "86"]
[SourceDate "2007.07.07"]

1. d4 Nf6 2. c4 e6 3. Nc3 Bb4 4. a3 Bxc3+ 5. bxc3 c5 6. e3 O-O 7. Bd3 Nc6 8.
Nf3 b6 9. O-O d6 10. e4 e5 11. d5 Na5 12. Bg5 h6 13. Bh4 Bg4 14. h3 Bh5 15. g4
Bg6 16. Nd2 Qd7 17. f4 Ne8 18. f5 Bh7 19. Qf3 f6 20. Bf2 Kf7 21. h4 Rh8 22. Be3
Ke7 23. g5 fxg5 24. hxg5 hxg5 25. Bxg5+ Nf6 26. Kf2 Bg8 27. Rh1 Bf7 28. Rxh8
Rxh8 29. Rh1 Qe8 30. Rh3 Kd7 31. Bc2 Kc7 32. Bxf6 gxf6 33. Qh1 Rxh3 34. Qxh3
Bh5 35. Qh4 Qf7 36. Bd3 Bd1 37. Be2 Bxe2 38. Kxe2 Qg7 39. Kd3 Nb7 40. Qh5 Kd7
41. Kc2 Nd8 42. Kb3 Nf7 43. Nf3 Ke7 1/2-1/2

[Event "Obert Barbera 2007 Grup B"]
[Site "?"]
[Date "2007.07.07"]
[Round "2"]
[White "Benavides Arias, Luis Alberto"]
[Black "Ruiz Manchon, Francesc Xavier"]
[Result "0-1"]
[WhiteElo "1879"]
[BlackElo "2093"]
[PlyCount "78"]
[SourceDate "2007.07.07"]

1. d4 Nf6 2. c4 c5 3. d5 e6 4. Nc3 exd5 5. cxd5 d6 6. e4 g6 7. f4 Bg7 8. Bb5+
Nfd7 9. a4 O-O 10. Nf3 Na6 11. O-O Nb4 12. Re1 Re8 13. Bf1 a6 14. a5 f5 15.
exf5 Rxe1 16. Nxe1 gxf5 17. Nc2 Nf6 18. Nxb4 cxb4 19. Ne2 b6 20. Qd3 bxa5 21.
g3 Ng4 22. Qf3 Qb6+ 23. Kg2 Bb7 24. h3 Qc5 25. hxg4 Bxd5 26. Be3 Bxf3+ 27. Kxf3
fxg4+ 28. Kf2 Qf5 29. Nd4 Bxd4 30. Bxd4 Rc8 31. Bxa6 Rc2+ 32. Kg1 Qd5 33. Bf2
Rxf2 34. Kxf2 Qf3+ 35. Ke1 Qxg3+ 36. Ke2 Qxf4 37. Rf1 Qe5+ 38. Kd2 Qxb2+ 39.
Ke3 Qe5+ 0-1

[Event "Obert Barbera 2007 Grup B"]
[Site "?"]
[Date "2007.07.07"]
[Round "2"]
[White "Basas Gamazo, Josep"]
[Black "Frances Cuscullola, Oriol"]
[Result "1-0"]
[WhiteElo "2089"]
[BlackElo "1967"]
[PlyCount "57"]
[SourceDate "2007.07.07"]

1. e4 e5 2. Nf3 Nf6 3. d4 Nxe4 4. Bd3 d5 5. Nxe5 Bd6 6. O-O O-O 7. c4 Bxe5 8.
dxe5 Nc6 9. cxd5 Qxd5 10. Qc2 Nb4 11. Bxe4 Nxc2 12. Bxd5 Nxa1 13. Be4 Be6 14.
Nc3 c6 15. Be3 Nb3 16. axb3 Bxb3 17. Bc5 Rfd8 18. Bd6 f6 19. f4 g6 20. Bf3 f5
21. Ra1 a5 22. Na4 Bxa4 23. Rxa4 b5 24. Ra1 Ra6 25. Rc1 Kg7 26. Rxc6 Rxc6 27.
Bxc6 b4 28. Ba4 h6 29. Kf2 1-0